Memoria correspondiente al curso académico de 1872 a 1873 (Record no. 181574)

MARC details
000 -LEADER
campo de control de longitud fija 00592nam a2200157 i 4500
001 - NÚMERO DE CONTROL
campo de control 181574
003 - IDENTIFICADOR DE NÚMERO DE CONTROL
campo de control ES-MaACL
005 - FECHA Y HORA DE LA ÚLTIMA TRANSACCIÓN
campo de control 20250901223517.0
008 - DATOS DE LONGITUD FIJA--INFORMACIÓN GENERAL
campo de control de longitud fija 130219s1873 sp |||| | spa d
110 2# - ENTRADA PRINCIPAL--NOMBRE DE ENTIDAD CORPORATIVA
Nombre de entidad corporativa o nombre de jurisdicción como elemento de entrada Escuela Especial de Náutica y Comercio (Ribadeo)
9 (RLIN) 152289
245 10 - MENCIÓN DEL TÍTULO
Título Memoria correspondiente al curso académico de 1872 a 1873
Resto del título : Rivadeo 1º de octubre de 1873 /
Mención de responsabilidad, etc. [Juan Asúnsolo Martínez].
260 ## - PUBLICACIÓN, DISTRIBUCIÓN, ETC.
Lugar de publicación, distribución, etc. Rivadeo :
Nombre del editor, distribuidor, etc. [s.n.],
Fecha de publicación, distribución, etc. 1873 (
Fabricante Imp. de la viuda é hijos de Cascante)
300 ## - DESCRIPCIÓN FÍSICA
Extensión 7 p., [2] h. pleg. ;
Dimensiones 21 cm.
852 ## - LOCALIZACIÓN
Ubicación ES-MaACL
Número de control de estantería Z-3-F-6
Holdings
Estatus retirado Estado de pérdida Estado de daño No para préstamo Colección Biblioteca de origen Biblioteca actual Ubicación en estantería Fecha de adquisición Fuente de adquisición Total de préstamos Signatura topográfica completa Código de barras Visto por última vez Precio de reemplazo Tipo de ítem Koha
        Libros del s. XIX Biblioteca del Ateneo de Madrid Biblioteca del Ateneo de Madrid Depósito Z 19/02/2013     Z-3-F-6 1190818 23/02/2023 23/02/2023 Libro impreso antiguo